000 00311nam a2200121Ia 4500
008 220217s9999||||xx |||||||||||||| ||und||
082 _a658.402 01 CSR
100 _aCSR
245 0 _aMBA enterence exame at a glance
260 _aCSR Publication
_bNew Delhi
_c2008
300 _b295
650 _aMANAGEMENT
999 _c175681
_d175681